Language Quiz

Random Language or Letter Quiz

Shared Word II Quiz Stats

 Plays Quiz Updated Dec 24, 2018

Support Sporcle.
Go Orange.
Score 0/20 Timer 07:00
1 Play Today
# of letters Answer % Correct
4Hand
90.8%
5Tooth
67.7%
5Grass
61%
4Lock
59.2%
3Air
59.2%
3Eye
57.6%
4Back
50.7%
4Moon
45.6%
5House
43.8%
4Turn
39.6%
# of letters Answer % Correct
4Hang
37.5%
3Pot
31.3%
6Butter
28.6%
3Cow
27.7%
4Dead
21.7%
4Sand
18.7%
5Stock
16.6%
5Short
13.9%
6Spring
3.4%
5Guide
1.2%

From the Vault

Countries by First and Last Letter II

by saucsrock11

We've provided you with the bread, now make the sandwich.
Remove Ads.
Support Sporcle.
Get the best of Sporcle when you Go Orange. This ad-free experience offers more features, more stats, and more fun while also helping to support Sporcle. Thank you for becoming a member.

Show Comments

Extras

Top Quizzes Today


Score Distribution

Your Account Isn't Verified!

In order to create a playlist on Sporcle, you need to verify the email address you used during registration. Go to your Sporcle Settings to finish the process.

Report this User

Report this user for behavior that violates our Community Guidelines.

Details: